LEADER 01223nam--2200397---450- 001 990002726080203316 005 20060329145725.0 010 $a88-7146-211-4 035 $a000272608 035 $aUSA01000272608 035 $a(ALEPH)000272608USA01 035 $a000272608 100 $a20060329d1993----km-y0itay0103----ba 101 $aita 102 $aIT 105 $a||||||||001yy 200 1 $a<> parchi scientifici e tecnologici$eguida pratica$fAPSTI, Associazione parchi scientifici e tecnologici italiani 205 $a2. ed 210 $aNapoli$cCUEN$dc1993 215 $a96 p.$d24 cm 225 2 $aTecnologia e gestione dell'impresa 410 0$12001$aTecnologia e gestione dell'impresa 454 1$12001 461 1$1001-------$12001 606 0 $aAziende industriali$xInnovazione tecnologica 606 $aRicerca industriale$yItalia 676 $a338.45670945 710 02$aAssociazione parchi scientifici e tecnologici italiani$07828 801 0$aIT$bsalbc$gISBD 912 $a990002726080203316 951 $aP13 106$bDISTRA 959 $aBK 969 $aDISTRA 979 $aDISTRA2$b10$c20060329$lUSA01$h1457 996 $aParchi scientifici e tecnologici$9114815 997 $aUNISA LEADER 02458nam0 22005653i 450 001 VAN0211580 005 20230609125508.657 017 70$2N$a9783319977928 100 $a20210907d2018 |0itac50 ba 101 $aeng 102 $aCH 105 $a|||| ||||| 200 1 $aProcessing of Polymer-based Nanocomposites$eProcessing-structure-property-performance relationships$fSuprakas Sinha Ray editor 210 $aCham$cSpringer$d2018 215 $axv, 232 p.$cill.$d24 cm 410 1$1001VAN0023990$12001 $aSpringer series in materials science$1210 $aBerlin$cSpringer$v278 500 1$3VAN0211581$aProcessing of Polymer-based Nanocomposites : Processing-structure-property-performance relationships$92514567 606 $a00A79 (77-XX)$xPhysics [MSC 2020]$3VANC023182$2MF 606 $a92E10$xMolecular structure (graph-theoretic methods, methods of differential topology, etc.) [MSC 2020]$3VANC028935$2MF 610 $aBiopolymers$9KW:K 610 $aBlend morphology$9KW:K 610 $aCommodity polymers$9KW:K 610 $aElastomers$9KW:K 610 $aElectrospun nanofibers$9KW:K 610 $aElectrospun polymer$9KW:K 610 $aEngineering polymers$9KW:K 610 $aEpoxy nanocomposites$9KW:K 610 $aMelt compounding$9KW:K 610 $aMorphology-property relationships$9KW:K 610 $aPolyethylene nanocomposites$9KW:K 610 $aPolymer blends$9KW:K 610 $aPolymer modification$9KW:K 610 $aPolypropylene nanocomposites$9KW:K 610 $aPolyvinyl chloride nanocomposites$9KW:K 610 $aPvc nanocomposites$9KW:K 610 $aRubber nanocomposites$9KW:K 610 $aStarch$9KW:K 610 $aSustainable polymers$9KW:K 610 $aThermosets$9KW:K 620 $aCH$dCham$3VANL001889 702 1$aSinha Ray$bSuprakas$3VANV182157 712 $aSpringer $3VANV108073$4650 801 $aIT$bSOL$c20240614$gRICA 856 4 $uhttp://doi.org/10.1007/978-3-319-97792-8$zE-book ? Accesso al full-text attraverso riconoscimento IP di Ateneo, proxy e/o Shibboleth 899 $aBIBLIOTECA DEL DIPARTIMENTO DI MATEMATICA E FISICA$1IT-CE0120$2VAN08 912 $fN 912 $aVAN0211580 950 $aBIBLIOTECA DEL DIPARTIMENTO DI MATEMATICA E FISICA$d08CONS e-book 3643 $e08eMF3643 20210907 996 $aProcessing of Polymer-based Nanocomposites$92514567 997 $aUNICAMPANIA